Регионална библиотека "Любен Каравелов" - Русе

Систематичен курс по несъстоятелността (Запис номер 405580)

MARC детайли
000 -Лидер
Контролно поле с фиксирана дължина nam a22 a 4500
003 - Код на организацията, давaща контролен номер
Контролно поле BLK
005 - Дата и час на последна редакция
Контролно поле 20210405224316.0
008 - Елементи от данни с фиксирана дължина
fixed length control field 210405b bu |||||r|||| 00| | bu d
040 ## - Източник на каталожния запис
Идентификатор на билиотеката - собственик на записа BLK
041 ## - Код за език
Код за езика на текст/звукозапис или на отделно заглавие Български
Код за езика КДБФ Български
080 ## - УДК
Текстов определител УДК Гражданско право
УДК код - определител по УДК 347
УДК - код + определител 347
100 ## - Редна дума - Автор
R(LIN) 250980
Автор Ганев, Венелин Йорданов
Авторска отговорност първи автор
139 ## - Редно поле
Редна дума Ганев, Венелин Йорданов
245 ## - Сведения за заглавието
Заглавие Систематичен курс по несъстоятелността
Подзаглавни данни Т. 1-
Редно поле (дума) Венелин Йорданов Ганев
Том Т. 1
257 ## - Страна на издаване
Страна на създаване/издаване България
260 ## - Област на издателските данни
9 (RLIN) 446701
Място на издаване, разпространение и проч. София
Име на издателя, разпространителя и проч. Божинови
Година на издаване 1926
300 ## - Физическа характеристика
Размери/Мащаб 23 см
380 ## - Жанр
Жанр Обществени науки
650 #0 - Допълнително описание по предмет – тема
9 (RLIN) 293793
Основно описание – тема или топоним Несъстоятелност - правни проблеми
760 ## - Описание на основната серия
Място на издаване, издател и година София, 1926
Страници - том ХХII, 728 с.
Част - том Т. 1
852 ## - Местоположение
Форматна сигнатура Цб 3.230.25819
Фондова буква Основен фонд - ползва се само за читалня
999 ## - СИСТЕМНИ КОНТРОЛНИ НОМЕРА
Koha biblionumber 405580
Koha biblioitemnumber 405580
942 ## - АРТИКУЛИ
Вид на библиотечния материал Книги
Скрит в OPAC Не
Периодичен библиозапис Да
944 ## - СЪЗДАВАНЕ И РЕДАКЦИЯ на ЗАПИСА
Създаване/Редакция Създаване
Дата на регистрацията/редакция 2021-04-05
Служител, извършил регистрацията/редакцията ВК
Наличности
Код за отписване Код за изгубен артикул Източник на класификационната схема Код за повреда Коз за рестрикции Код за отдаване Артикулен № Име на библиотеката - собственик Име на библиотеката, в която се намира в момента Статус (Текущо местоположение) Дата на вписване в системата Местоположение - отдел Цена в лева Инвентарен номер Систематично азбучна сигнатура Баркод Цена в евро Служебен тип на артикула
  Не е изгубен Universal Decimal Classification Не е повреден само за читалня ползва се в читалня 822527 Регионална библиотека "Любен Каравелов" Русе Регионална библиотека "Любен Каравелов" Русе Хранилище 2021-04-13 Основен фонд - ползва се само за читалня 0.58 11114 Цб 3.235.11114 900000045925 0.30 Книги
  Не е изгубен Universal Decimal Classification Не е повреден само за читалня ползва се в читалня 822641 Регионална библиотека "Любен Каравелов" Русе Регионална библиотека "Любен Каравелов" Русе Хранилище 2021-04-13 Основен фонд - ползва се само за читалня 1.12 25819 Цб 3.230.25819 900000045551 0.57 Книги
Vip Innovations Ltd, Rousse, Bulgaria 2025